ՀՀ Գիտությունների ազգային ակադեմիայի հիմնարար գիտական գրադարան  =   Fundamental Scientific Library of NAS RA

Европа в международных отношениях, 1917-1939 / (Record no. 388244)

MARC details
000 -LEADER
fixed length control field 00854nam a2200205 a 4500
001 - CONTROL NUMBER
control field 000348435
003 - CONTROL NUMBER IDENTIFIER
control field AM-YeHGA
005 - DATE AND TIME OF LATEST TRANSACTION
control field 20260310122103.0
008 - FIXED-LENGTH DATA ELEMENTS--GENERAL INFORMATION
fixed length control field 040702s1979 ||||||||||||||||||||rus d
040 ## - CATALOGING SOURCE
Original cataloging agency AM-YeHGA
041 0# - LANGUAGE CODE
Language code of text/sound track or separate title rus
090 ## - LOCALLY ASSIGNED LC-TYPE CALL NUMBER (OCLC); LOCAL CALL NUMBER (RLIN)
-- 390237
245 00 - TITLE STATEMENT
Title Европа в международных отношениях, 1917-1939 /
Statement of responsibility, etc. АН СССР, Ин-т всеобщей истории ; Редкол.: А.О. Чубарьян (отв. ред.) и др.
260 ## - PUBLICATION, DISTRIBUTION, ETC.
Place of publication, distribution, etc. Москва :
Name of publisher, distributor, etc. Наука,
Date of publication, distribution, etc. 1979.
300 ## - PHYSICAL DESCRIPTION
Extent 438 с.
653 0# - INDEX TERM--UNCONTROLLED
Uncontrolled term Международные отношения в Европе - История, 1917-1939 гг.
700 1# - ADDED ENTRY--PERSONAL NAME
Personal name Չուբարյան, Ալեքսանդր Օհանի,
Dates associated with a name 1931-
Relator term ред.
Relationship edt
9 (RLIN) 3995
710 2# - ADDED ENTRY--CORPORATE NAME
Corporate name or jurisdiction name as entry element Институт всеобщей истории АН СССР
942 ## - ADDED ENTRY ELEMENTS (KOHA)
Source of classification or shelving scheme Universal Decimal Classification
Koha item type Գրքեր / Books
Koha issues (borrowed), all copies 2
Holdings
Withdrawn status Lost status Source of classification or shelving scheme Damaged status Not for loan Collection Home library Current library Date acquired Total checkouts Full call number Barcode Date last seen Date last checked out Price effective from Koha item type Public note
    Universal Decimal Classification     General Fundamental Scientific Library Fundamental Scientific Library 10/08/2017 2 PII/438033 FL0457287 10/03/2026 10/03/2026 10/08/2017 Գրքեր / Books 30 Days Loan


ՀՀ ԳԱԱ հիմնարար գիտական գրադարան
ՀՀ,Երևան 0019
Մարշալ Բաղրամյան 24/6
հեռախոս:(374-10) 52-47-50
Հետադարձ կապ

All site content, except where otherwise noted, is licensed under a
Creative Commons License